| 000 | 00575nam a22001817a 4500 | ||
|---|---|---|---|
| 005 | 20230109095022.0 | ||
| 008 | 230109b |||||||| |||| 00| 0 eng d | ||
| 020 | _a9780821384398 | ||
| 040 |
_aKMU _cKMU |
||
| 050 | _aJZ 5588 Wor 2011 | ||
| 245 |
_aWorld development report 2011: _bConflict, security, and development / _cby the world bank |
||
| 260 |
_aWashington : _bThe world bank , _c2011 . |
||
| 300 |
_axxv , 384 pages : _bIllustrations ; _c26 cm . |
||
| 500 | _aIncludes an index | ||
| 650 |
_2Oclc _aEconomic development |
||
| 650 |
_2Oclc _aViolence |
||
| 942 |
_2lcc _cBK _n0 |
||
| 999 |
_c87 _d87 |
||